00274nam a2200109Ia 4500008004000000020001800040082001500058100003700073245002600110260002000136300000800156210210b1978 xxu||||| |||| 00| 0 eng d a0 07 096612 5 a519.2 SRIS aSRINIVASAN (S K) & MEHATA (K M). aStochastic processes. aNDbT M Hc1978 a388